Super Animal Royale: The Magnum Quiz - Statistics

General Stats
  • This quiz has been taken 15 times
  • The average score is 5 of 5
Answer Stats
Hint Answer % Correct
Colors Gray/Blank/None/White
100%
Blue
92%
Green
92%
Armor Penetration 1
85%
Ammo Big Bullets
85%
No matching quizzes found
Score Distribution
Percent of People with Each Score
Percentile by Number Answered
Your Score History
You have not taken this quiz